MARC details
| 000 -LEADER |
| fixed length control field |
03684nam a2200313 i 4500 |
| 003 - CONTROL NUMBER IDENTIFIER |
| control field |
CSPC |
| 005 - DATE AND TIME OF LATEST TRANSACTION |
| control field |
20260406102918.0 |
| 008 - FIXED-LENGTH DATA ELEMENTS--GENERAL INFORMATION |
| fixed length control field |
260331s2023 maua b 001 0 eng d |
| 020 ## - INTERNATIONAL STANDARD BOOK NUMBER |
| International Standard Book Number |
9780323855525 |
| 040 ## - CATALOGING SOURCE |
| Original cataloging agency |
CSPC |
| Language of cataloging |
eng |
| Transcribing agency |
CSPC |
| Description conventions |
rda |
| 050 #4 - LIBRARY OF CONGRESS CALL NUMBER |
| Classification number |
TD168.5 |
| Item number |
.S537 2022 |
| 082 04 - DEWEY DECIMAL CLASSIFICATION NUMBER |
| Classification number |
307.1216 |
| Item number |
Sh232u |
| Edition number |
23 |
| 100 1# - MAIN ENTRY--PERSONAL NAME |
| Personal name |
Sharifi, Ayyoob, |
| Relator term |
author. |
| 245 10 - TITLE STATEMENT |
| Title |
Urban climate adaptation and mitigation / |
| Statement of responsibility, etc. |
Ayyoob Sharifi and Amir Reza Khavarian-Garmsir. |
| 264 #1 - PRODUCTION, PUBLICATION, DISTRIBUTION, MANUFACTURE, AND COPYRIGHT NOTICE |
| Place of production, publication, distribution, manufacture |
Amsterdam, Netherlands : |
| Name of producer, publisher, distributor, manufacturer |
Elsevier, |
| Date of production, publication, distribution, manufacture, or copyright notice |
2023. |
| 300 ## - PHYSICAL DESCRIPTION |
| Extent |
xii, 364 pages : |
| Other physical details |
illustrations ; |
| Dimensions |
23 cm. |
| 336 ## - CONTENT TYPE |
| Source |
rdacontent |
| Content type term |
text |
| 337 ## - MEDIA TYPE |
| Source |
rdamedia |
| Media type term |
unmediated |
| 338 ## - CARRIER TYPE |
| Source |
rdacarrier |
| Carrier type term |
volume |
| 504 ## - BIBLIOGRAPHY, ETC. NOTE |
| Bibliography, etc. note |
Includes bibliographical references and index. |
| 505 0# - FORMATTED CONTENTS NOTE |
| Formatted contents note |
Urbanization in the context of global environmental change -- Climate change adaptation and mitigation in cities -- Smart cities: key definitions and new directions -- Smart city solutions and climate change adaptation: an overview -- Smart city solutions and climate change mitigation: an overview -- The fundamentals of smart city assessment -- Assessment tools and indicators for smart city assessment -- The extent of inclusion of smart city indicators in existing urban sustainability assessment tools -- Indicators to assess contributions of smart city solutions and technologies to urban resilience -- Contributions of smart technologies to disaster resilience -- A typology analysis of smart city projects around the world -- Urban scale climate change adaptation through smart technologies -- Automated object extraction of satellite imagery to estimate the loss of vegetative land cover and inform climate adaptation actions in San Antonio, Texas -- Smart transformation in Iran, a step toward adaptation and reduction of climate change -- Technological solutions for adaptation with Iran's water resources crisis -- The way forward for data driven and climate-resilient cities. |
| 520 ## - SUMMARY, ETC. |
| Summary, etc. |
"Uniquely focused on the contributions smart cities can make to climate change resilience, Urban Climate Adaptation and Mitigation offers evidence-based scientific solutions for improving cities' abilities to prepare for, recover from, and adapt to global climate-related events. Beginning with the observation of global environmental change, this book explores what sustainable smart projects are, how they are adopted and evaluated, and how they can address climate change challenges. It brings together a wide variety of disciplines such as planning, transportation, and waste management to address issues related to climate change adaptation and mitigation in cities.In general, many social science researchers lack cohesive, broad-based literature knowledge; Urban Climate Adaptation and Mitigation bridges this gap and informs different types of stakeholders on how they can enhance their preparation abilities to enable real-time responses and actions. Therefore, it is a valuable reference for researchers, professors, graduate students, city planners, and policy makers. Application-focused throughout, this book explores the complexities of urban systems and subsystems to support researchers, planners, and decision makers in their efforts toward developing more climate-resilient smart cities"-- Page 4 of cover. |
| 650 #0 - SUBJECT ADDED ENTRY--TOPICAL TERM |
| Topical term or geographic name entry element |
City planning |
| General subdivision |
Climatic factors. |
| 650 #0 - SUBJECT ADDED ENTRY--TOPICAL TERM |
| Topical term or geographic name entry element |
Climate change mitigation |
| General subdivision |
Social aspects. |
| 650 #0 - SUBJECT ADDED ENTRY--TOPICAL TERM |
| Topical term or geographic name entry element |
Sustainable urban development. |
| 700 1# - ADDED ENTRY--PERSONAL NAME |
| Personal name |
Khavarian-Garmsir, Amir Reza, |
| Relator term |
author. |
| 942 ## - ADDED ENTRY ELEMENTS (KOHA) |
| Source of classification or shelving scheme |
Dewey Decimal Classification |
| Suppress in OPAC |
No |
| Koha item type |
Books |
| Classification part |
307.1216 |
| Item part |
Sh232u |
| Call number prefix |
GRD |
| Call number suffix |
2023 |
| Edition |
23 |